Worshipping The Lord Within/ (Record no. 188416)
[ view plain ]
| 000 -LEADER | |
|---|---|
| fixed length control field | 00601nam a22001937a 4500 |
| 005 - DATE AND TIME OF LATEST TRANSACTION | |
| control field | 20220520160317.0 |
| 010 ## - LCCN (DPL NO) | |
| LC control number | ENG-132761 |
| 020 ## - INTERNATIONAL STANDARD BOOK NUMBER | |
| International Standard Book Number | 9789380695266 |
| Terms of availability | 60.00 |
| 035 ## - SYSTEM CONTROL NUMBER | |
| System control number | EN-116293 |
| 037 ## - SOURCE OF ACQUISITION | |
| Source of stock number/acquisition | DBAD/PUB |
| 082 ## - DEWEY DECIMAL CLASSIFICATION NUMBER | |
| Edition number | 215 |
| 100 ## - MAIN ENTRY--PERSONAL NAME | |
| Personal name | Tirtha, Swami Bhoomananda |
| 245 ## - TITLE STATEMENT | |
| Title | Worshipping The Lord Within/ |
| Statement of responsibility, etc | Swami Bhoomananda Tirtha |
| 260 ## - PUBLICATION, DISTRIBUTION, ETC. (IMPRINT) | |
| Place of publication, distribution, etc | New Delhi |
| Name of publisher, distributor, etc | Aditya Prakashan |
| Date of publication, distribution, etc | 2012 |
| 270 ## - ADDRESS | |
| Address | 2/18, Ansari Road |
| City | New Delhi |
| Postal code | 110002 |
| Electronic mail address | contact@adityaprakashan.com |
| 300 ## - PHYSICAL DESCRIPTION | |
| Extent | xii, 307p. |
| Dimensions | 22cm(hbk) |
| 700 ## - ADDED ENTRY--PERSONAL NAME | |
| Personal name | Mukhopadhyaya, Satkari |
| 942 ## - ADDED ENTRY ELEMENTS (KOHA) | |
| Source of classification or shelving scheme | Dewey Decimal Classification |
| Item type | English Books |
| Classification part | 250.52 |
| Call number suffix | THE |
No items available.
